000 01107nam a22002297a 4500
999 _c62741
_d62741
003 Ge_BSU
005 20250204143944.0
008 250204s2024 ge ||||| |||| 00| 0 geo d
020 _a97899411571092
041 _ageo
080 _a1 (479.22)(075.8) მ-44
100 _aმახარაძე, მიხეილ
_924244
245 _aქართული ფილოსოფიური აზრის ისტორია /
_c რედ. თ. მთიბელაშვილი; შემდგ. ვარდო ბერიძე, ა. ასლანიძე.
264 _aბათუმი,
_c 2024
300 _a500 გვ.
_b21 სმ.
501 _aსახელთა საძიებელი გვ,. 485-500
504 _aბიბლიოგრ. გვ. 477-484
700 _a მთიბელაშვილი, თ.
_eრედაქტორი
_924245
700 _a ბერიძე, ვარდო
_e შემდგენელი
_924246
700 _aასლანიძე, ა.
_eშემდგენელი
_924247
942 _2udc
_cᲬᲘᲒᲜᲘ